| 000 | 01116cas a2200349 i 4500 | ||
|---|---|---|---|
| 999 |
_c200446137 _d64349 |
||
| 001 | 200446137 | ||
| 003 | TR-AnTOB | ||
| 005 | 20240902114523.0 | ||
| 007 | ta | ||
| 008 | 980728c19uu9999tu 000 0 tur d | ||
| 022 | _a1301-2584 | ||
| 035 | _a(TR-AnTOB)200446137 | ||
| 040 |
_aBGZ _beng _erda _cBGZ _dTR-AnTOB |
||
| 041 | 0 | _atur | |
| 050 | 4 |
_aHG5706.5.A3 _bH35 |
|
| 090 |
_aHG5706.5.A3 _bH35 |
||
| 110 | 2 |
_aİstanbul Menkul Kıymetler Borsası _910100 |
|
| 222 | 0 | _aHalka açılan şirketler | |
| 245 | 1 | 0 | _aHalka açılan şirketler. |
| 264 | 1 |
_aİstanbul : _bİstanbul Menkul Kıymetler Borsası, _c1997- |
|
| 300 |
_avolumes : _bgraphics, tables ; _c26 cm |
||
| 310 | _aAnnual. | ||
| 336 |
_atext _btxt _2rdacontent |
||
| 337 |
_aunmediated _bn _2rdamedia |
||
| 338 |
_avolume _bnc _2rdacarrier |
||
| 610 | 2 |
_aİstanbul Menkul Kıymetler Borsası _vSüreli yayınlar _910100 |
|
| 650 | 0 |
_aMenkul değerler borsası _zTürkiye _vSüreli Yayınlar _959438 |
|
| 856 | 4 |
_uhttp://www.imkb.gov.tr _zalso available on internet |
|
| 942 |
_2lcc _cCR |
||